WWE ALL Men's Tag Team Champions Quiz - Statistics

General Stats
  • This quiz has been taken 441 times
    295 since last reset
  • The average score is 121 of 249
Answer Stats
WTT1 WWE WTT2 Total Days LYW Wrestler % Correct
6 1 1 8 235 2019 Jeff Hardy
91%
4 6 10 1593 2023 Jey Uso
91%
3 5 8 1575 2022 Jimmy Uso
91%
1 6 8 15 1340 2025 Kofi Kingston
91%
6 3 1 10 391 2019 Matt Hardy
91%
2 6 8 909 2020 Big E
89%
9 2 11 672 2012 Kane
89%
4 8 12 1008 2025 Xavier Woods
89%
12 2 14 425 2009 Edge
85%
1 2 1 4 316 2022 Randy Orton
85%
1 1 148 2013 Roman Reigns
85%
6 6 343 2020 Seth Rollins
85%
6 6 78 2001 The Undertaker
85%
5 2 7 435 2009 Chris Jericho
84%
5 1 6 314 2009 Shawn Michaels
83%
2 1 3 136 2009 Triple H
83%
5 3 8 642 2011 Big Show
82%
8 1 9 302 2004 Bubba Ray Dudley
82%
9 9 332 2002 Christian
82%
3 4 1 8 535 2023 Cody Rhodes
82%
4 1 5 341 2018 Sheamus
82%
2 5 2 9 703 2024 The Miz
82%
2 2 483 1990 Bret "The Hitman" Hart
81%
1 2 3 189 2014 Goldust
81%
2 2 4 71 2011 John Cena
81%
4 4 485 1999 Owen Hart
81%
4 1 5 181 2021 Rey Mysterio
81%
1 1 43 2002 Spike Dudley
81%
5 5 24 2001 The Rock
81%
1 1 2 102 2018 Bray Wyatt
80%
5 2 7 486 2020 Cesaro
80%
2 2 92 2018 Dean Ambrose
80%
1 1 175 1973 Dean Ho
80%
1 1 63 2021 Dominick Mysterio
80%
1 1 2 1994 Mo
80%
3 3 100 2006 Ric Flair
78%
3 1 4 113 2008 Batista
77%
2 2 9 1997 Henry O. Godwinn
77%
2 3 5 591 2024 Finn Balor
76%
10 1 11 952 2014 Billy Gunn
75%
2 2 222 2025 Erik
75%
1 1 19 2002 Hulk Hogan
75%
2 2 158 2018 Luke Harper
74%
2 1 3 217 2004 Rikishi
74%
1 1 133 2021 A.J. Styles
73%
1 1 226 1985 Brutus Beefcake
73%
4 4 215 2005 Eddie Guerrero
73%
1 1 16 2002 Kurt Angle
73%
8 8 110 1999 Mick Foley
73%
2 2 218 2024 R-Truth
71%
4 4 141 2001 Steve Austin
71%
2 2 114 2003 Chavo Guerrero Jr.
70%
1 2 1 4 422 2021 Dolph Ziggler
70%
3 1 4 184 2016 Heath Slater
70%
3 3 698 1990 Ax
68%
1 1 2 313 2019 Daniel Bryan
68%
1 4 1 6 704 2020 John Morrison
68%
3 3 265 2020 Shelton Benjamin
68%
3 1 4 100 2004 Chris Benoit
67%
2 2 92 2011 David Otunga
67%
2 2 213 1997 Hawk
67%
1 1 2 308 2023 Kevin Owens
67%
1 1 45 1981 Moondog King
67%
1 1 2 308 2023 Sami Zayn
67%
3 3 70 2004 Booker T
66%
2 2 222 2025 Ivar
66%
2 1 3 306 2005 Animal
64%
3 3 79 2001 Bradshaw
64%
2 2 141 2018 Curtis Axel
64%
1 1 133 2021 Omos
64%
2 2 28 2019 Braun Strowman
63%
1 1 47 2008 CM Punk
63%
2 2 4 416 2023 Damian Priest
63%
2 2 88 1995 Diesel
63%
2 2 84 2018 Drew McIntyre
63%
5 1 6 504 2014 Road Dogg
63%
2 2 203 2019 Rowan
63%
1 1 36 1972 Sonny King
63%
2 2 113 2008 Ted Dibiase Jr.
63%
4 4 77 1999 X-Pac
63%
1 1 109 1989 Haku
62%
2 1 3 348 2025 Montez Ford
61%
3 3 411 1993 Ted Dibiase Sr.
61%
2 1 3 203 2022 Chad Gable
60%
2 2 126 2025 Johnny Gargano
60%
2 2 84 2019 Karl Anderson
60%
1 1 21 2019 Shane McMahon
60%
1 2 3 321 2015 Tyson Kidd
60%
1 1 76 1989 Arn Anderson
59%
2 2 540 1996 Davey Boy Smith
59%
2 1 3 146 2004 Rob Van Dam
59%
1 1 12 2001 Diamond Dallas Page
58%
3 3 79 2001 Faarooq
58%
1 1 21 2024 Jacob Fatu
58%
2 1 3 220 2021 Robert Roode
58%
2 2 126 2025 Tommaso Ciampa
58%
2 1 3 348 2025 Angelo Dawkins
57%
1 1 2 118 2017 Jason Jordan
56%
3 3 100 2011 Justin Gabriel
56%
1 1 77 2007 Montel Vontavious Porter
56%
2 2 175 1995 Yokozuna
56%
1 1 90 2024 Austin Theory
55%
1 1 2 280 2009 Carlito
55%
3 3 698 1990 Smash
55%
1 1 2 1994 Mabel
54%
1 1 82 2020 Shinsuke Nakamura
52%
3 3 236 2004 Charlie Haas
51%
2 2 483 1990 Jim "The Anvil" Neidhart
51%
1 1 84 2016 Rhyno
51%
1 1 84 2024 Tama Tonga
51%
1 1 109 1989 Andre The Giant
50%
2 2 84 2019 Luke Gallows
50%
1 1 63 2024 Tanga Loa
50%
1 1 13 2001 Test
50%
3 3 230 2007 Trevor Murdoch
50%
1 1 294 1986 Dynamite Kid
49%
1 1 90 2024 Grayson Waller
49%
3 3 218 2007 Hardcore Holly
49%
4 4 224 2005 William Regal
49%
1 2 3 470 2012 Primo
48%
1 1 42 1998 The Big Boss Man
48%
1 1 50 2018 Bo Dallas
47%
1 1 15 1999 Crash Holly
47%
1 1 56 2022 Otis
47%
1 1 34 2000 The Goodfather
47%
1 1 148 1978 Yukon Eric
47%
2 2 127 2019 Zack Ryder
47%
1 1 42 2024 Alex Shelley
46%
1 1 42 2024 Chris Sabin
46%
1 1 133 2007 Deuce
46%
1 1 27 2000 Grand Master Sexay
46%
1 1 38 1975 Pat Barrett
46%
1 1 76 2010 Santino Marella
46%
1 1 148 1990 Crush
45%
1 1 106 2012 Epico
45%
2 2 216 2022 Matt Riddle
45%
3 3 331 1996 Bart Gunn
44%
1 1 175 2024 JD McDonagh
44%
2 2 88 1993 Rick Steiner
44%
1 1 8 2006 Roddy Piper
44%
2 2 88 1993 Scott Steiner
44%
1 1 2 104 2004 Scotty 2 Hotty
44%
2 2 161 2005 The Hurricane
44%
1 1 2 258 2010 David Hart Smith
43%
4 4 147 2003 Lance Storm
43%
3 3 291 2005 Joey Mercury
42%
5 5 548 1993 Mike Rotunda
42%
1 1 2 72 2004 Rico
42%
1 1 2 334 2007 Brian Kendrick
41%
1 1 154 1983 Rocky Johnson
41%
2 2 127 2019 Curt Hawkins
40%
1 1 70 2015 Darren Young
40%
1 1 64 1999 Jeff Jarrett
40%
1 1 42 1998 Ken Shamrock
40%
1 1 7 1994 Marty Jannetty
40%
1 1 70 2015 Titus O'Neil
40%
1 1 36 2014 Damien Mizdow
39%
1 1 146 2011 Evan Bourne
39%
1 1 1 2018 Nicholas
38%
1 2 3 397 2007 Paul London
38%
1 1 76 2010 Vladimir Kozlov
38%
1 1 35 2018 Akam
37%
1 1 85 1992 Earthquake
37%
1 1 93 2005 Heidenreich
37%
1 1 2 189 2004 Rene Dupree
37%
3 3 431 1983 Sika
37%
1 1 78 1985 The Iron Sheik
37%
1 1 85 1992 Typhoon
37%
2 1 3 158 2019 Dash Wilder
36%
1 1 35 2018 Rezar
36%
1 1 2 130 2005 Tajiri
36%
3 3 431 1983 Afa
35%
1 1 42 2020 Buddy Murphy
35%
1 1 85 2020 Cedric Alexander
35%
2 2 325 1987 Tito Santana
35%
1 1 1 1998 Chainsaw Charlie
34%
1 1 28 1997 Mosh
34%
2 1 3 158 2019 Scott Dawson
34%
1 1 7 2003 Chief Morley
33%
2 2 117 2002 Chuck Palumbo
33%
1 1 133 2007 Domino
32%
3 3 216 1994 Jacques Rougeau Jr.
32%
1 1 216 2006 Kenny (Spirit Squad)
32%
3 3 365 1987 Rick Martel
32%
1 1 140 2005 Rosey
32%
1 1 124 1994 Samu
32%
1 1 28 1997 Thrasher
32%
1 1 76 1989 Tully Blanchard
32%
1 1 74 1975 Blackjack Mulligan
31%
1 1 6 1999 Al Snow
30%
1 1 279 1984 Dick Murdoch
30%
1 1 226 1985 Greg Valentine
30%
2 2 145 2005 Danny Basham
29%
2 2 145 2005 Doug Basham
29%
1 1 216 2006 Johnny (Spirit Squad)
29%
1 1 216 2006 Mikey (Spirit Squad)
29%
1 1 1 1980 Pedro Morales
28%
1 1 148 1978 Yukon Pierre
28%
1 1 62 2004 Eugene
27%
1 1 216 2006 Mitch (Spirit Squad)
27%
1 1 78 1985 Nikolai Volkoff
27%
1 1 43 2002 Tazz
27%
1 1 1 1980 Bob Backlund
26%
3 3 230 2007 Lance Cade
26%
1 1 154 1983 Tony Atlas
26%
2 2 137 1985 Barry Windham
25%
1 1 155 1991 Brian Knobbs
25%
1 1 168 1976 Executioner #2 (John Studd)
25%
1 1 34 2000 Bull Buchanan
24%
1 1 155 1991 Jerry Sags
24%
1 1 186 1971 Luke Graham
24%
1 1 63 2004 Billy Kidman
23%
1 1 49 1996 Skip
23%
2 2 209 1978 Dominic DeNucci
22%
1 1 12 2001 Kanyon
22%
5 5 932 1982 Mr. Fuji
22%
3 3 216 1994 Pierre Oullet
22%
1 1 49 1996 Zip
22%
1 1 91 2004 Kenzo Suzuki
21%
1 1 104 1978 Dino Bravo
20%
3 3 174 2005 Robert Conway
19%
1 1 74 1975 Blackjack Lanza
18%
8 1 9 302 2004 D-Von Dudley
17%
1 1 279 1984 Adrian Adonis
16%
1 1 168 1976 Executioner #1 (Killer Kowalski)
16%
1 1 126 1981 Moondog Rex
16%
2 2 9 1997 Phineas I. Godwin
16%
4 4 272 2005 Sylvain Grenier
16%
1 1 230 1979 Jerry Valiant
15%
2 2 148 1982 Jules Strongbow
15%
1 1 81 1981 Moondog Spot
14%
4 4 421 1982 Chief Jay Strongbow
13%
1 1 370 1974 Jimmy Valiant
12%
2 2 600 1979 Johnny Valiant
12%
1 1 57 1971 Karl Gotch
12%
3 3 569 1977 Professor Toru Tanaka
12%
5 5 597 1981 Tony Garea
11%
1 1 186 1971 Tarzan Tyler
10%
2 2 363 1982 Mr. Saito
9%
1 1 173 1979 Ivan Putski
8%
1 1 105 1978 Larry Zbyszko
8%
1 1 57 1971 Rene Goulet
8%
1 1 237 1976 Billy White Wolf
6%
1 1 104 1973 Haystacks Calhoun
6%
1 1 111 1972 Mikel Scicluna
6%
1 1 185 1975 Tony Parisi
6%
1 1 111 1972 King Curtis Iaukea
5%
1 1 185 1975 Louis Cerdan
5%
1 1 67 1975 Victor Rivera
5%
No matching quizzes found
Score Distribution
Percent of People with Each Score
Percentile by Number Answered
Your Score History
You have not taken this quiz since the last reset